000 00444nmm a2200145Ia 4500
008 251105s9999||||xx |||||||||||||||||und||
041 _aspa
100 _aBendriss, Ernest
245 0 _aBreve historia del Budismo
264 _a[Madrid, España] :
_bEdiciones Nowtilus,
_c[Fecha de publicación no identificada]
300 _a320 páginas
650 _aReligion(s)
856 _uhttps://public.digitaliapublishing.com/a/84669
942 _cCF
999 _c103694
_d103694